| 000 | 00991nam a22002652 4500 | ||
|---|---|---|---|
| 001 | 9144 | ||
| 003 | UkOxU | ||
| 005 | 20211208234726.0 | ||
| 008 | 140120s1965 nju 100 0 eng d | ||
| 035 | _a9189 | ||
| 040 |
_aYSM _cYSM _dBD-RjUL _beng |
||
| 041 | _aeng | ||
| 082 |
_a537.56 _bELE 1965 |
||
| 090 |
_aTK7835 _b.I5 1974 |
||
| 111 | 2 |
_aInternational Conference on Electron and Ion Beam Science and Technology _n(6th : _d1974 : _cSan Francisco) _928381 |
|
| 245 | 1 | 0 |
_aElectron and ion beam science and technology : _bfirst international conference / _cedited by Robert Bakish. |
| 260 |
_aPrinceton, New Jersey : _bElectrothermics and Metallurgy Division, Electrochemical Society, _c1965. |
||
| 300 |
_axi, 945 p. : _billus. ; _c23cm. |
||
| 504 | _aIncludes bibliographies. | ||
| 650 | 0 |
_aElectron beams. _928372 |
|
| 650 | 0 |
_aIons. _928373 |
|
| 700 | 1 |
_aBakish, Robert A. _928374 |
|
| 710 | 2 |
_aElectrochemical Society. _bElectrothermics and Metallurgy Division. _928375 |
|
| 942 |
_2ddc _cBK |
||
| 999 |
_c9144 _d9144 |
||